| 000 -LEADER |
| fixed length control field |
00964nam a2200193Ia 4500 |
| 003 - CONTROL NUMBER IDENTIFIER |
| control field |
OSt |
| 005 - DATE AND TIME OF LATEST TRANSACTION |
| control field |
20251208093556.0 |
| 007 - PHYSICAL DESCRIPTION FIXED FIELD--GENERAL INFORMATION |
| fixed length control field |
ca aa aaaaa |
| 008 - FIXED-LENGTH DATA ELEMENTS--GENERAL INFORMATION |
| fixed length control field |
201103s9999 xx 000 0 und d |
| 040 ## - CATALOGING SOURCE |
| Transcribing agency |
SSBUL |
| 041 ## - LANGUAGE CODE |
| Language code of text/sound track or separate title |
Myanmar |
| 082 ## - DEWEY DECIMAL CLASSIFICATION NUMBER |
| Classification number |
၂၉၄.၃၄၄၃ |
| Item number |
ဝါ |
| 100 ## - MAIN ENTRY--PERSONAL NAME |
| Personal name |
ဝါယာမာဘိဝံသ၊ ရှင်၊ သတ္တမမြောက်ကျော်အောင်စံထားဆရာတော် |
| 245 #0 - TITLE STATEMENT |
| Title |
ပုတီးစိပ်ကိုယ်တွေ့မှတ်တမ်းသိဒ္ဓိမဟိဒ္ဓိမန္တာန်ဝိဇ္ဇာထွက်လမ်းကျမ်းမြတ်မဟာအတွဲ(၃) / |
| Statement of responsibility, etc. |
သတ္တမမြောက်ကျော်အောင်စံထားဆရာတော်။ |
| 300 ## - PHYSICAL DESCRIPTION |
| Extent |
၂၂၅ စာမျက်နှာ ၊ |
| Dimensions |
၂၅ စင်တီ။ |
| 500 ## - GENERAL NOTE |
| General note |
S-SAT: Dr. Sai Aung Tun |
| 942 ## - ADDED ENTRY ELEMENTS (KOHA) |
| Koha item type |
Book (Short term) |
| 100 ## - MAIN ENTRY--PERSONAL NAME |
| 9 (RLIN) |
17405 |
|
| Source of classification or shelving scheme |
|